000 00487nam a2200157Ia 4500
003 IQ-KOUCL
041 _aArabic
082 _a261,14 cut-982 ش
100 _a20260118u\\\\\\\\\\\y0engy0103\\\\ba
100 _aمحمد بن علي الشوكاني
245 0 _aالدراري المضية شرح الدرر البهية الجزء الاول
250 _aط1
260 _bجمعية احياء التراث الاسلامي
_aالكويت
_c2022
300 _a427
942 _cBk
999 _c186304
_d186304